Glycolyse + Cycle de krebs - Statistiques

Statistiques générales
  • Ce quiz a été pris 290 fois
  • Le résultat moyen est 18 sur 63
Statistiques - réponses
Hint Réponse % Correct
1 glucose
97%
2 glucose 6 phosphate
65%
enzyme hexokinase
65%
3 fructose 6 phosphate
56%
autre entrée ATP
53%
autre sortie ADP
51%
enzyme glucokinase
49%
4 fructose 1,6 biphosphate
44%
10 pyruvate
42%
autre sortie ADP
40%
autre entrée ATP
40%
11 acétyl-coa
36%
5 glycéraldéhyde 3 phosphate
35%
9 phosphoenolpyruvate
32%
12 citrate
31%
5 dihydroxyacétone phosphate
31%
13 isocitrate
31%
8 2 phosphoglycérate
30%
7 3 phosphoglycérate
30%
enzyme aldolase
30%
18 malate
30%
16 succinate
30%
6 1,3 biphosphoglycérate
29%
autre entrée ADP
29%
14 alpha-cétoglutarate
29%
autre sortie ATP
29%
17 fumarate
29%
enzyme pyruvate kinase
29%
enzyme triose phosphate isomérase
29%
autre entrée NAD+
27%
15 succinyl-coa
27%
autre sortie ATP
26%
19 oxaloacétate
26%
autre entrée ADP
25%
enzyme citrate synthase
25%
autre sortie H2O
23%
enzyme aconitase
22%
enzyme enolase
22%
enzyme phosphofructokinase 1
22%
enzyme phosphoglucose isomérase
22%
enzyme alpha-cétoglutarate déshydrogénase
21%
enzyme glycéraldéhyde 3 phosphate déshydrogénase
21%
enzyme isocitrate déshydrogénase
21%
autre entrée NAD+
21%
autre sortie NADH, H+
21%
enzyme fumarase
19%
autre sortie NADH, H+
19%
enzyme phosphoglycérate kinase
19%
enzyme phosphoglycérate mutase
19%
autre entrée FAD
18%
autre sortie FADH2
18%
autre entrée H2O
18%
enzyme malate déshydrogénase
18%
enzyme succinate déshydrogénase
18%
autre sortie coa-sh
17%
autre entrée NAD+, Pi
14%
autre sortie NADH, H+, CO2
13%
autre entrée GDP, Pi
12%
autre sortie GTP, coa-sh
12%
autre entrée NAD+, coa-sh
12%
autre sortie NADH, H+, CO2
12%
autre entrée oxaloacétate, H2O
8%
enzyme succinate thiokinase
6%
Aucun quiz correspondant
Distribution des résultats
% des personnes avec chaque résultat
Percentile par nombre de réponses
Votre historique - résultats
Vous n’avez pas pris ce quiz